ONE PIECE : tous les arcs et saga - Statistics

General Stats
  • This quiz has been taken 1,073 times
    236 since last reset
  • The average score is 25 of 45
Answer Stats
Arc et saga dans l'ordre Réponse % Correct
Deuxième saga ( 117 chapitres ) Alabasta
91%
Arc 11 ( 63 chapitres ) Alabasta
91%
Arc 5 ( 27 chapitres ) Arlong Park
79%
Arc 4 ( 27 chapitres ) Baratie
76%
Première saga ( 100 chapitres ) East Blue
76%
Quatrième saga ( 139 chapitres ) Water Seven
76%
Arc 15 ( 53 chapitres ) Water Seven
76%
Arc 16 ( 56 chapitres ) Enies Lobby
73%
Arc 22 ( 31 chapitres ) Marine Ford
73%
Arc 13 ( 66 chapitres ) Skypiea
72%
Nom de la série ( +1100 chapitres) One Piece
71%
Cinquième saga ( 48 chapitres ) Thriller Bark
71%
Arc 18 ( 48 chapitres ) Thriller Bark
71%
Arc 21 ( 25 chapitres ) Impel Down
69%
Arc 10 ( 25 chapitres ) île de Drum
68%
Arc 1 ( 7 chapitres ) Romance Dawn
67%
Arc 6 ( 5 chapitres ) Loguetown
66%
Arc 19 ( 24 chapitres ) Archipel Sabaody
64%
Arc 2 ( 14 chapitres ) Village d'Orange
64%
Huitième saga ( 148 chapitres ) Dressrosa
63%
Arc 27 ( 102 chapitres ) Dressrosa
63%
Arc 33 ( 68 chapitres) Île d'Egg Head
56%
Arc 28 ( 20 chapitres ) Zo
56%
Arc 12 ( 19 chapitres ) Jaya
55%
Arc 9 ( 11 chapitres ) Little Garden
55%
Arc 26 ( 46 chapitres ) Punk Hazard
53%
Arc 31 ( 65 chapitres ) Pays des Wa
52%
Arc 29 ( 79 chapitres ) Whole Cake Island
52%
Arc 34 (+32 chapitres Erbaf
48%
Septième saga ( 56 chapitres ) île des Hommes Poissons
48%
Arc 25 ( 51 chapitres ) île des Hommes Poissons
48%
Arc 14 ( 19 chapitres ) Long Ring Long Land
47%
Arc 8 ( 9 chapitres ) Whiskey Peak
46%
Arc 3 ( 20 chapitres ) Village de Sirop
45%
Arc 30 ( 5 chapitres ) Rêverie
43%
Arc 7 ( 5 chapitres ) Reverse Mountain
42%
Arc 32 ( 84 chapitres ) Onigashima
40%
Arc 17 ( 11 chapitres ) Post Enies Lobby
40%
Troisième saga ( 85 chapitres ) île Céleste
36%
Arc 20 ( 11 chapitres ) Amazone Lily
34%
Arc 23 ( 17 chapitres ) Post Guerre
33%
Sixième saga ( 108 chapitres ) Guerre au Sommet
32%
Arc 24 ( 5 chapitres ) Retrouvailles deux ans plus tard
30%
Dixième saga ( +100 Chapitres ) Saga finale
17%
Neuvième saga ( 253 chapitres ) Quatre Empereurs
11%
No matching quizzes found
Score Distribution
Percent of People with Each Score
Percentile by Number Answered
Your Score History
You have not taken this quiz since the last reset